000 01010nam0a22002891 4500
001 rc\3398146
005 20130115154648.5
021 _aRU
_b[74-36652]
035 _a(NLR Aleph) 007541510
090 _a9763220
_c9763220
100 _a20130115d1974 |||y0rusy50 ca
101 0 _arus
102 _aRU
105 _ay z |||||
200 1 _aНаучно-техническая революция и молодежь
210 _aТашкент
_cЕш гвардия
_d1974
215 _a119 с.
_d20
606 _aМолодежь
_2psbo
606 _aНаука
_xСоциологические проблемы
_2psbo
606 _aТехнический прогресс
_xСоциологические проблемы
_2psbo
700 1 _aАбдушукуров
_bТ. Р.
_gТельман Рустамович
701 1 _aЕмелин
_bА. Ф.
_gАнатолий Федорович
801 0 _aRU
_bNLR
_gpsbo
801 1 _aRU
_bELAR
_2rusmarc
852 _aNLR
_j73-3/13459
942 _cBOOK
980 _aNB